Loading...
| Science - Biology | 0 | 4 | 0 | 2 | 40 | 63 | 85.50 | 0 | 3 | 8.74 | 20.63 |
| Science - Chemistry | 0 | 2 | 0 | 0 | 20 | 100 | 115.50 | 0 | 1 | 0.00 | 6.35 |
| Science - Physics | 0 | 2 | 0 | 2 | 20 | 109 | 109.50 | 0 | 1 | 0.00 | 3.70 |
| Popular Culture | 0 | 2 | 0 | 1 | 20 | 80 | 95.00 | 0 | 1 | 5.65 | 17.06 |
| History - European | 0 | 1 | 0 | 0 | 10 | 106 | 106.00 | 0 | 0 | 0.00 | 1.59 |
| History - Other | 0 | 1 | 0 | 1 | 10 | 109 | 109.00 | 0 | 0 | 0.10 | 1.59 |
| History - World | 0 | 1 | 0 | 0 | 10 | 99 | 99.00 | 0 | 0 | 1.02 | 3.17 |
| Religion | 0 | 1 | 0 | 1 | 10 | 121 | 121.00 | 0 | 0 | 0.00 | 1.85 |
| Mythology | 0 | 1 | 0 | 0 | 10 | 118 | 118.00 | 0 | 0 | 0.00 | 1.59 |
| Science - Other | 0 | 1 | 0 | 0 | 10 | 132 | 132.00 | 0 | 0 | 0.17 | 3.17 |
| Fine Arts - Classical Music | 0 | 1 | 0 | 0 | 10 | 116 | 116.00 | 0 | 1 | 0.19 | 6.35 |
| History - American | 0 | 1 | 0 | 1 | 10 | 104 | 104.00 | 0 | 0 | 0.00 | 1.85 |
| Literature - British | 0 | 0 | 0 | 0 | 0 | 0.00 | 0 | 0 | 0.00 | 0.00 | |
| Geography | 0 | 0 | 0 | 0 | 0 | 0.00 | 0 | 0 | 0.00 | 0.00 | |
| Current Events | 0 | 0 | 1 | 0 | -5 | 0.00 | 0 | 0 | 0.00 | 0.00 |